[Event "Dortmund Sparkassen op 47th"]
[Site "Dortmund"]
[Date "2019.07.21"]
[Round "9"]
[White "Kracht, Raphael"]
[Black "Conrad, Joachim"]
[Result "1-0"]
[WhiteElo "2000"]
[BlackElo "2068"]
[PlyCount "73"]
[EventDate "2019.07.13"]
[EventType "swiss"]
[EventRounds "9"]
[EventCountry "GER"]
[SourceTitle "EXT 2020"]
[Source "ChessBase"]
[SourceDate "2019.10.17"]
[SourceVersion "1"]
[SourceVersionDate "2019.10.17"]
[SourceQuality "1"]

1. e4 g6 2. d4 Bg7 3. Nc3 a6 4. f4 d6 5. Nf3 b5 6. Bd3 Nd7 7. e5 e6 8. 0-0 Ne7 9. Ne4 d5 10. Neg5 h6 11. Nh3 c5 12. c3 Qb6 13. Be3 Qc7 14. Qe2 Bb7 15. Nf2 c4 16. Bc2 a5 17. g4 Ra6 18. f5 gxf5 19. gxf5 Rg8 20. Kh1 exf5 21. Bf4 Qc6 22. h4 Nf8 23. h5 Ne6 24. Nh3 Kd7 25. Nh4 Nxf4 26. Nxf4 Re8 27. Rg1 Bh8 28. Bxf5+ Nxf5 29. Nxf5 Kc7 30. Qf3 Qd7 31. Nd6 Rd8 32. Rg3 Ba8 33. Kh2 Qe7 34. Nxd5+ Bxd5 35. Qxd5 Qh4+ 36. Kg2 Rb6 37. Qc5+ 1-0

[Event "Ruhrgebiet Regionalliga 1819"]
[Site "Nordrheinwestfalen"]
[Date "2019.03.03"]
[Round "8.6"]
[White "Conrad, Joachim"]
[Black "Voss, Wieland"]
[Result "1/2-1/2"]
[WhiteElo "1998"]
[BlackElo "2115"]
[PlyCount "105"]
[EventDate "2018.09.02"]
[EventType "team-tourn"]
[EventRounds "11"]
[EventCountry "GER"]
[SourceTitle "EXT 2022"]
[Source "ChessBase"]
[SourceDate "2021.10.06"]
[SourceVersion "1"]
[SourceVersionDate "2021.10.06"]
[SourceQuality "1"]
[WhiteTeam "Welper SV"]
[BlackTeam "Wattenscheid SV II"]
[WhiteTeamCountry "GER"]
[BlackTeamCountry "GER"]

1. d4 Nf6 2. Bg5 Ne4 3. Bf4 c5 4. f3 Qa5+ 5. c3 Nf6 6. d5 d6 7. e4 b5 8. Nd2 Bd7 9. Nh3 g6 10. Be2 Bg7 11. 0-0 0-0 12. a4 bxa4 13. Nc4 Qd8 14. Nf2 Bb5 15. Na3 Bxe2 16. Qxe2 Nbd7 17. Nc4 Nb6 18. Rfd1 Qd7 19. Na3 Qb7 20. Rd2 Rfe8 21. Nd1 Rab8 22. Ne3 Nh5 23. Bg3 Bh6 24. Rc2 Nxg3 25. hxg3 Bxe3+ 26. Qxe3 Nd7 27. Kf2 Qa6 28. Qe2 Qxe2+ 29. Rxe2 Ne5 30. Ke3 Rb3 31. f4 Nd7 32. Nc4 Nb6 33. Nxb6 axb6 34. Rxa4 b5 35. Ra6 b4 36. Kd3 bxc3 37. bxc3 Rd8 38. Kc4 Rb7 39. e5 Kf8 40. exd6 exd6 41. Rea2 Ke7 42. Ra7 Rdd7 43. Re2+ Kf6 44. Rxb7 Rxb7 45. g4 h5 46. gxh5 gxh5 47. g3 Kf5 48. Re8 h4 49. gxh4 Kxf4 50. Rd8 Ke5 51. Re8+ Kf6 52. Re1 Kg6 53. Rf1 1/2-1/2

[Event "Ruhrgebiet Regionalliga 1819"]
[Site "Nordrheinwestfalen"]
[Date "2018.12.16"]
[Round "5.7"]
[White "Lin, Yi2222"]
[Black "Conrad, Joachim"]
[Result "1/2-1/2"]
[WhiteElo "1762"]
[BlackElo "1998"]
[PlyCount "95"]
[EventDate "2018.09.02"]
[EventType "team-tourn"]
[EventRounds "11"]
[EventCountry "GER"]
[SourceTitle "EXT 2022"]
[Source "ChessBase"]
[SourceDate "2021.10.06"]
[SourceVersion "1"]
[SourceVersionDate "2021.10.06"]
[SourceQuality "1"]
[WhiteTeam "Dortmund Hansa II"]
[BlackTeam "Welper SV"]
[WhiteTeamCountry "GER"]
[BlackTeamCountry "GER"]

1. e4 d6 2. d4 Nf6 3. Nc3 e5 4. dxe5 dxe5 5. Qxd8+ Kxd8 6. Bg5 Be6 7. f4 exf4 8. Nf3 Bb4 9. e5 h6 10. exf6 hxg5 11. fxg7 Rg8 12. Nxg5 Rxg7 13. Nxe6+ fxe6 14. 0-0-0+ Bd6 15. Bc4 e5 16. Ne4 Ke7 17. g3 Nc6 18. gxf4 exf4 19. Rhe1 Ne5 20. Bd5 Rh8 21. h4 Rxh4 22. Bxb7 Rh2 23. Nc3 Kf8 24. Rf1 Nc4 25. Rh1 Rgh7 26. Rxh2 Rxh2 27. Rh1 Rxh1+ 28. Bxh1 Kg7 29. Nb5 a6 30. Nxd6 Nxd6 31. a4 Kf6 32. Kd2 Ke5 33. Kd3 a5 34. Bf3 c5 35. b3 Kf5 36. c3 Ke5 37. b4 cxb4 38. cxb4 axb4 39. a5 b3 40. Bc6 Nc8 41. Kc3 b2 42. Kxb2 Kd4 43. Kc2 Kc5 44. Bb7 Nd6 45. a6 Kb6 46. Kd3 Nxb7 47. axb7 Kxb7 48. Ke4 1/2-1/2

[Event "Dortmund Sparkassen op-A 46th"]
[Site "Dortmund"]
[Date "2018.07.14"]
[Round "1"]
[White "Conrad, Joachim"]
[Black "Hausrath, Daniel"]
[Result "0-1"]
[WhiteElo "2078"]
[BlackElo "2495"]
[PlyCount "80"]
[EventDate "2018.07.14"]
[EventType "swiss"]
[EventRounds "9"]
[EventCountry "GER"]
[SourceTitle "CBM 185 Extra"]
[Source "ChessBase"]
[SourceDate "2018.07.29"]
[SourceVersion "1"]
[SourceVersionDate "2018.07.29"]
[SourceQuality "1"]

1. d4 g6 2. Nf3 Bg7 3. Bg5 d6 4. e3 Nf6 5. Be2 0-0 6. 0-0 h6 7. Bh4 Nc6 8. c4 e6 9. Nc3 Ne7 10. Bd3 b6 11. Qe2 Bb7 12. Rfd1 Qd7 13. Rac1 Nf5 14. Bxf6 Bxf6 15. Ne4 Bg7 16. c5 Rab8 17. Rc2 Ne7 18. Bb5 c6 19. Bd3 bxc5 20. dxc5 d5 21. Nd6 f5 22. Qd2 Ba8 23. Bf1 e5 24. Nc4 e4 25. Ne1 Qc7 26. Na5 f4 27. Nb3 fxe3 28. Qxe3 Nf5 29. Qe2 a5 30. g4 a4 31. gxf5 axb3 32. axb3 Rxf5 33. f3 Rbf8 34. Bg2 Rh5 35. h3 Qg3 36. Qf2 Qg5 37. Kf1 Bb7 38. Ra1 d4 39. Ra7 d3 40. Rxb7 e3 0-1

[Event "Niederrhein-ch"]
[Site "Wuppertal"]
[Date "2008.03.22"]
[Round "7"]
[White "Zahn, Richard"]
[Black "Conrad, Joachim"]
[Result "1-0"]
[WhiteElo "2132"]
[BlackElo "2091"]
[PlyCount "83"]
[EventDate "2008.03.15"]
[EventType "swiss"]
[EventRounds "7"]
[EventCountry "GER"]
[SourceTitle "EXT 2010"]
[Source "ChessBase"]
[SourceDate "2010.11.25"]
[SourceVersion "1"]
[SourceVersionDate "2010.11.25"]
[SourceQuality "1"]

1. e4 d5 2. exd5 Qxd5 3. Nc3 Qa5 4. d4 Nf6 5. Bd3 Bg4 6. Nge2 Nc6 7. f3 Bf5 8. Bb5 0-0-0 9. 0-0 Nb4 10. Ba4 e5 11. a3 Nbd5 12. Nxd5 Nxd5 13. c4 Nb6 14. Bb5 Nd7 15. b4 Qb6 16. Be3 exd4 17. Bxd4 c5 18. Bf2 Ne5 19. Qb3 Rd3 20. Qb2 Qf6 21. Kh1 a6 22. Bg3 Bd6 23. bxc5 Bc7 24. Ba4 Re3 25. Nf4 Qh6 26. c6 Nxc6 27. Bxc6 bxc6 28. Qd4 Rhe8 29. Rfd1 g5 30. Qa7 Bxf4 31. Qxa6+ Kc7 32. Rab1 Rd3 33. Rb7+ Kd6 34. Bxf4+ gxf4 35. c5+ Kxc5 36. Qa7+ Kd5 37. Rxd3+ Bxd3 38. Rd7+ Ke6 39. Rxd3 Re7 40. Qc5 f5 41. Rd6+ Kf7 42. Rxh6 1-0

[Event "Dortmund Sparkassen op-A"]
[Site "Dortmund"]
[Date "2006.08.05"]
[Round "8"]
[White "Maniocha, Marek"]
[Black "Conrad, Joachim"]
[Result "1-0"]
[WhiteElo "2067"]
[BlackElo "2105"]
[PlyCount "65"]
[EventDate "2006.07.28"]
[EventType "swiss"]
[EventRounds "9"]
[EventCountry "GER"]
[SourceTitle "CBM 113 Extra"]
[Source "ChessBase"]
[SourceDate "2006.09.14"]
[SourceVersion "1"]
[SourceVersionDate "2006.09.14"]
[SourceQuality "1"]

1. d4 d5 2. c4 c6 3. e3 Bf5 4. Nf3 Nf6 5. Be2 e6 6. 0-0 Bd6 7. b3 Qe7 8. Ne5 Nfd7 9. Bb2 0-0 10. Nd2 f6 11. Nd3 Na6 12. a3 Rad8 13. b4 Nab8 14. Nc5 b6 15. Nb7 Rde8 16. Nxd6 Qxd6 17. Rc1 e5 18. cxd5 cxd5 19. dxe5 fxe5 20. g3 Re6 21. Bf3 e4 22. Bg2 Nc6 23. f4 Nf6 24. Nb3 h5 25. Nd4 Nxd4 26. Qxd4 Re7 27. Rf2 Bd7 28. Rfc2 Ng4 29. Rc7 h4 30. Bxe4 Nxe3 31. Bf3 Kh8 32. R7c3 Rfe8 33. Rxe3 1-0

[Event "Dortmund Sparkassen op-A"]
[Site "Dortmund"]
[Date "2006.08.01"]
[Round "4"]
[White "Degro, Heiko"]
[Black "Conrad, Joachim"]
[Result "1-0"]
[WhiteElo "1997"]
[BlackElo "2105"]
[PlyCount "43"]
[EventDate "2006.07.28"]
[EventType "swiss"]
[EventRounds "9"]
[EventCountry "GER"]
[SourceTitle "CBM 113 Extra"]
[Source "ChessBase"]
[SourceDate "2006.09.14"]
[SourceVersion "1"]
[SourceVersionDate "2006.09.14"]
[SourceQuality "1"]

1. e4 e5 2. Nf3 Nf6 3. Nxe5 d6 4. Nf3 Nxe4 5. d4 d5 6. Bd3 Be7 7. 0-0 Nc6 8. c4 Nb4 9. cxd5 Nxd3 10. Qxd3 Qxd5 11. Re1 Bf5 12. g4 Ng5 13. Rxe7+ Kxe7 14. Bxg5+ f6 15. gxf5 fxg5 16. Nc3 Qa5 17. Re1+ Kd7 18. Ne5+ Kc8 19. f6 b6 20. Qf5+ Kb7 21. Qe4+ Ka6 22. Nc6 1-0

[Event "Dortmund Sparkassen op-A"]
[Site "Dortmund"]
[Date "2006.07.28"]
[Round "2"]
[White "Jugelt, Tobias"]
[Black "Conrad, Joachim"]
[Result "1-0"]
[WhiteElo "2409"]
[BlackElo "2105"]
[PlyCount "75"]
[EventDate "2006.07.28"]
[EventType "swiss"]
[EventRounds "9"]
[EventCountry "GER"]
[SourceTitle "CBM 113 Extra"]
[Source "ChessBase"]
[SourceDate "2006.09.14"]
[SourceVersion "1"]
[SourceVersionDate "2006.09.14"]
[SourceQuality "1"]

1. d4 d5 2. c4 c6 3. Nf3 Nf6 4. e3 g6 5. Nc3 Bg7 6. Be2 0-0 7. 0-0 Bg4 8. cxd5 Nxd5 9. Qb3 Nb6 10. Rd1 Be6 11. Qc2 Bc4 12. Bxc4 Nxc4 13. d5 Qc7 14. Nd4 Bxd4 15. Rxd4 Nd6 16. e4 cxd5 17. exd5 Nd7 18. Bf4 Qb6 19. Rad1 Rac8 20. Qe2 Nf5 21. R4d3 Rc4 22. Bc1 Nf6 23. b3 Rc7 24. Bb2 Rfc8 25. Qf3 Qb4 26. h3 Nd6 27. Qe3 Qc5 28. Qe5 Qb4 29. Rd4 Qa5 30. Ra4 Qb6 31. Rd2 Qc5 32. Rf4 Nde8 33. Ne4 Qa5 34. Rxf6 exf6 35. Nxf6+ Nxf6 36. Qxf6 Rc1+ 37. Kh2 R1c3 38. Rd3 1-0

[Event "Dortmund op-A"]
[Site "Dortmund"]
[Date "2005.07.08"]
[Round "1"]
[White "Conrad, Joachim"]
[Black "Scharnowski, Tobias"]
[Result "1-0"]
[WhiteElo "1971"]
[BlackElo "2135"]
[PlyCount "71"]
[EventDate "2005.07.08"]
[EventType "swiss"]
[EventRounds "9"]
[EventCountry "GER"]
[SourceTitle "CBM 107 Extra"]
[Source "ChessBase"]
[SourceDate "2005.09.01"]
[SourceVersion "1"]
[SourceVersionDate "2005.09.01"]
[SourceQuality "1"]

1. d4 d5 2. Nf3 Nf6 3. c4 dxc4 4. Qa4+ Nbd7 5. e3 e6 6. Bxc4 c6 7. Qc2 b5 8. Bd3 Qb6 9. 0-0 Bb7 10. b3 c5 11. Qe2 a6 12. Bb2 Be7 13. Nbd2 0-0 14. a4 b4 15. Nc4 Qc7 16. Rac1 Be4 17. Ncd2 Bxd3 18. Qxd3 Qb7 19. Ng5 Rfd8 20. Qe2 cxd4 21. Bxd4 Qd5 22. Ngf3 e5 23. Ba1 e4 24. Nd4 Ne5 25. Nf5 Bf8 26. Bxe5 Qxe5 27. Ng3 h5 28. Rc4 Rac8 29. Ndxe4 Nxe4 30. Nxe4 Re8 31. Rxc8 Rxc8 32. Qxa6 Rc2 33. Qd3 Qb2 34. Qd5 Rc3 35. g3 Rxb3 36. Ng5 1-0

[Event "Dortmund op-A"]
[Site "Dortmund"]
[Date "2004.07.30"]
[Round "8"]
[White "Maniocha, Marek"]
[Black "Conrad, Joachim"]
[Result "1/2-1/2"]
[WhiteElo "2057"]
[BlackElo "1960"]
[PlyCount "142"]
[EventDate "2004.07.??"]
[EventType "swiss"]
[EventRounds "9"]
[EventCountry "GER"]
[SourceTitle "EXT 2006"]
[Source "ChessBase"]
[SourceDate "2005.11.24"]
[SourceVersion "1"]
[SourceVersionDate "2005.11.24"]
[SourceQuality "1"]

1. d4 d5 2. c4 c6 3. e3 Bf5 4. Nf3 e6 5. Nc3 Nf6 6. cxd5 exd5 7. Bd3 Bxd3 8. Qxd3 Nbd7 9. 0-0 Be7 10. Rb1 0-0 11. b4 a6 12. Bd2 Nb6 13. Ne5 Nfd7 14. f4 f6 15. Ng4 Qc7 16. Rf3 Rfe8 17. h4 Nc4 18. f5 Bd6 19. h5 h6 20. Ne2 Nf8 21. Be1 Nh7 22. Bh4 Re4 23. Nf4 Bxf4 24. exf4 Rae8 25. Rbf1 Qb6 26. Bf2 Qxb4 27. Rg3 Kh8 28. Rb1 Qe7 29. Nh2 Nd6 30. Rf3 Nxf5 31. Nf1 Qd7 32. Nd2 R4e7 33. Nb3 Nd6 34. Nc5 Qg4 35. Qg6 Qc8 36. Rfb3 Nf8 37. Qd3 Ne6 38. Qh3 b5 39. Ra3 Nxf4 40. Qxc8 Rxc8 41. Rxa6 Nxh5 42. Nd3 g5 43. a4 bxa4 44. Rxa4 Ne4 45. Rc1 Ng7 46. Ra6 Nxf2 47. Kxf2 Rec7 48. Nc5 Kh7 49. Rb6 Kg6 50. Na6 Re7 51. Nb4 Nf5 52. Rcxc6 Rxc6 53. Rxc6 Ne3 54. Rd6 Kf5 55. Nxd5 Nxd5 56. Rxd5+ Ke4 57. Rd6 Rf7 58. Rd8 h5 59. d5 Ra7 60. d6 Ra2+ 61. Kf1 Rd2 62. d7 Kf5 63. Ke1 Rd6 64. g3 Kg4 65. Rf8 Rxd7 66. Rxf6 Kxg3 67. Kf1 Rd3 68. Ra6 h4 69. Ra1 h3 70. Kg1 h2+ 71. Kh1 Kh3 1/2-1/2

[Event "Dortmund op-A"]
[Site "Dortmund"]
[Date "2004.07.27"]
[Round "5"]
[White "Conrad, Joachim"]
[Black "Barskij, Alexander"]
[Result "1-0"]
[WhiteElo "1960"]
[BlackElo "2038"]
[PlyCount "107"]
[EventDate "2004.07.??"]
[EventType "swiss"]
[EventRounds "9"]
[EventCountry "GER"]
[SourceTitle "EXT 2006"]
[Source "ChessBase"]
[SourceDate "2005.11.24"]
[SourceVersion "1"]
[SourceVersionDate "2005.11.24"]
[SourceQuality "1"]

1. d4 Nf6 2. Nf3 g6 3. e3 Bg7 4. Bd3 c5 5. 0-0 0-0 6. b3 d6 7. Bb2 Nbd7 8. Nbd2 b6 9. Re1 Bb7 10. Qe2 Qc7 11. c4 e5 12. d5 Rae8 13. e4 Nh5 14. g3 h6 15. Nh4 Ra8 16. Nf1 Qd8 17. Bc1 Kh7 18. Ne3 Ndf6 19. Bd2 Bc8 20. Rab1 a5 21. a3 Bd7 22. Rb2 Ng8 23. Reb1 Ne7 24. b4 axb4 25. axb4 Qe8 26. bxc5 bxc5 27. Rb6 Kg8 28. Ng4 Kh7 29. Ne3 Ra2 30. Nd1 Nc8 31. Rb7 f5 32. Nc3 Ra3 33. f3 Ne7 34. Nb5 Bxb5 35. R7xb5 Qc8 36. Rb7 Qd8 37. Bc1 Ra8 38. exf5 gxf5 39. Qc2 Rc8 40. Nxf5 Nxf5 41. Bxf5+ Kh8 42. Bxc8 Qxc8 43. Qg6 Qe8 44. Qxe8 Rxe8 45. Rb8 Rxb8 46. Rxb8+ Kh7 47. Rd8 e4 48. fxe4 Be5 49. Kf2 Kg6 50. Kf3 Nf6 51. Bf4 h5 52. Bxe5 dxe5 53. Rc8 Nd7 54. Rc7 1-0